| 000 | 01181cam a2200313 i 4500 | ||
|---|---|---|---|
| 001 | vtls003261844 | ||
| 003 | MY-SjTCS | ||
| 005 | 20200226120132.0 | ||
| 008 | 141230t20132013nyuab 001 0 eng | ||
| 020 | _a9780393733686 (paperback) | ||
| 039 | 9 |
_a201809071344 _bVLOAD _c201504161729 _dpushpa _y201412301740 _zmasrina |
|
| 040 | _erda | ||
| 082 | 0 | 4 |
_a711.4 _bGIN 2013 |
| 100 | 1 |
_aGindroz, Ray. _973016 |
|
| 245 | 1 | 4 |
_aThe urban design handbook : _b[techniques and working methods] / _cUrban Design Associates ; authors, Ray Gindroz [and five others] ; with contributions by Adam Amrhein [and seventeen others] ; editor and contributing writer, Karen Levine. |
| 250 | _aSecond edition. | ||
| 264 | 1 |
_aNew York : _bW. W. Norton & Company, _c[2013] |
|
| 264 | 4 | _c©2013 | |
| 300 |
_a240 pages : _bcolor illustration, color maps ; _c26 cm |
||
| 336 |
_atext _2rdacontent |
||
| 336 |
_astill image _2rdacontent |
||
| 337 |
_aunmediated _2rdamedia |
||
| 338 |
_avolume _2rdacarrier |
||
| 500 | _aIncludes index. | ||
| 650 | 0 |
_aCity planning _zUnited States _xMethodology. |
|
| 700 | 1 |
_aLevine, Karen, _d1950- |
|
| 710 | 2 | _aUrban Design Associates. | |
| 920 | _aSABD : 217675 | ||
| 999 | _c159477 | ||